00000000nam 2200000zi 4500
0019.947525
003CaOODSP
00520250131152948
006m     o  d f      
007cr bn|||||||||
008250129e198212  onca    ob   f000 0 eng d
040 |aCaOODSP|beng|erda|cCaOODSP
043 |an-cn---
0861 |aDR52-19/24-1982E-PDF
1001 |aMcCann, Carol, |eauthor.
24510|aClassification of map-reading tasks / |cCarol McCann.
264 1|aDownsview, Ontario : |bDefence and Civil Institute of Environmental Medicine : |bDepartment of National Defence - Canada, |cDecember 1982.
300 |a1 online resource (25 pages) : |billustrations.
336 |atext|btxt|2rdacontent
337 |acomputer|bc|2rdamedia
338 |aonline resource|bcr|2rdacarrier
4901 |aDCIEM report ; |vno. 82-R-59
500 |aDigitized edition from print [produced by Defence R&D Canada].
504 |aIncludes bibliographical references (pages 15-16).
650 0|aClassification|xMaps.
650 6|aClassification|xCartes géographiques.
7102 |aDefence and Civil Institute of Environmental Medicine (Canada), |eissuing body.
7101 |aCanada. |bDepartment of National Defence, |eissuing body.
830#0|aDCIEM report ;|vno. 82-R-59.|w(CaOODSP)9.941842
85640|qPDF|s1.42 MB|uhttps://publications.gc.ca/collections/collection_2025/rddc-drdc/DR52-19-24-1982-eng.pdf